Fitness and recreation in Victoria : May 1975, attitudinal study /

Bibliographic Details
Corporate Authors: TQ Consultants, Victoria. Department of Youth, Sport, and Recreation
Format: Book
Language:English
Published: Melbourne, Vic. : Dept. of Youth, Sport and Recreation, 1977.
Edition:2nd ed.
Subjects:

MARC

Tag First Indicator Second Indicator Subfields
LEADER 00000cam a2200000 a 4500
001 in00000072485
005 20151008053428.0
008 790912s1977 at s00010 engm
010 |a  79313457  
015 |a Aus 
020 |a 0724186433 :  |c $3.50 
035 |a (OCoLC)05751913 
035 |9 AAH7400AM 
040 |a DLC  |c DLC  |d m.c.  |d TXA  |d UtOrBLW 
043 |a u-at-vi 
049 |a TXAM 
050 0 0 |a GV146.V5  |b T17 1977 
082 0 |a 613.7/09945 
110 2 |a TQ Consultants. 
245 1 0 |a Fitness and recreation in Victoria :  |b May 1975, attitudinal study /  |c prepared by TQ Consultants for the Department of Youth, Sport and Recreation. 
250 |a 2nd ed. 
264 1 |a Melbourne, Vic. :  |b Dept. of Youth, Sport and Recreation,  |c 1977. 
300 |a 88 unnumbered pages in various pagings ;  |c 30 cm. 
336 |a text  |b txt  |2 rdacontent 
337 |a unmediated  |b n  |2 rdamedia 
338 |a volume  |b nc  |2 rdacarrier 
650 0 |a Recreation  |z Australia  |z Victoria. 
650 0 |a Physical fitness. 
650 0 |a Recreational surveys  |z Australia  |z Victoria. 
710 1 |a Victoria.  |b Department of Youth, Sport, and Recreation. 
740 0 |a May 1975, additudinal study. 
999 |a MARS 
999 f f |s 5c410c83-d5de-3319-98f1-88183a790934  |i a8467c41-1cd2-3829-a37e-4bb120117220  |t 0 
952 f f |p ric  |a Texas A&M University  |b Rellis Campus  |c Joint Library Facility  |d Remote Storage  |t 0  |e GV146.V5 T17 1977  |h Library of Congress classification  |i unmediated -- volume  |m A14806115185 
998 f f |a GV146.V5 T17 1977  |t 0  |l Remote Storage